Economic development: past and present (Record no. 172391)

MARC details
000 -LEADER
fixed length control field 00575nam a2200217Ia 4500
003 - CONTROL NUMBER IDENTIFIER
control field OSt
005 - DATE AND TIME OF LATEST TRANSACTION
control field 20230518114122.0
008 - FIXED-LENGTH DATA ELEMENTS--GENERAL INFORMATION
fixed length control field 210423s1989 xx 000 0 und d
040 ## - CATALOGING SOURCE
Transcribing agency AL
041 ## - LANGUAGE CODE
Language code of text/sound track or separate title eng
082 ## - DEWEY DECIMAL CLASSIFICATION NUMBER
Classification number 338.9
Edition number 23
Item number GILE
100 ## - MAIN ENTRY--PERSONAL NAME
Personal name GILL (Richard T)
9 (RLIN) 108102
245 ## - TITLE STATEMENT
Title Economic development: past and present
250 ## - EDITION STATEMENT
Edition statement 3
260 ## - PUBLICATION, DISTRIBUTION, ETC.
Place of publication, distribution, etc. New Delhi
Name of publisher, distributor, etc. Oxford & IBH
Date of publication, distribution, etc. 1989
365 ## - TRADE PRICE
Price amount 19
Currency code INR
650 ## - SUBJECT ADDED ENTRY--TOPICAL TERM
Topical term or geographic name entry element Economics
9 (RLIN) 108103
650 ## - SUBJECT ADDED ENTRY--TOPICAL TERM
Topical term or geographic name entry element Economics of Development
9 (RLIN) 108104
906 ## - LOCAL DATA ELEMENT F, LDF (RLIN)
a development: ; Economic ; past ; present
942 ## - ADDED ENTRY ELEMENTS (KOHA)
Source of classification or shelving scheme Dewey Decimal Classification
Koha item type Book
Holdings
Withdrawn status Lost status Damaged status Not for loan Collection code Home library Current library Date acquired Cost, normal purchase price Total Checkouts Full call number Barcode Date last seen Price effective from Koha item type
        MSW St Aloysius PG Library St Aloysius PG Library 12/10/2001 19.00   338.9 GILE PG018937 08/24/2022 04/26/2021 Book